[Event "Titled Tuesday intern op 23rd Jan Late"]
[Site "Chess.com INT"]
[Date "2024.01.23"]
[Round "2"]
[White "Carnicelli, Valerio"]
[Black "Dylag, Emilia"]
[Result "1-0"]
[WhiteElo "2427"]
[BlackElo "2092"]
[PlyCount "87"]
[EventDate "2024.01.23"]
[EventType "swiss (blitz)"]
[EventRounds "11"]
[EventCountry "USA"]
[SourceTitle "CB05_2024"]
[SourceDate "2024.01.31"]
[SourceVersion "1"]
[SourceVersionDate "2024.01.31"]
[SourceQuality "1"]

1. e4 c5 2. Nf3 d6 3. d4 cxd4 4. Nxd4 Nf6 5. Nc3 a6 6. Be2 e5 7. Nf3 Be7 8. Bg5 0-0 9. Bxf6 Bxf6 10. a4 Be6 11. 0-0 Nc6 12. Nd5 Be7 13. c3 Rc8 14. Bc4 Kh8 15. Ba2 b5 16. axb5 axb5 17. b4 f5 18. exf5 Bxf5 19. Ne3 Bg6 20. Bd5 Bh5 21. Ra6 e4 22. Rxc6 Rxc6 23. Bxc6 exf3 24. Bxf3 Bxf3 25. gxf3 Bf6 26. Qd3 Be5 27. Ng4 Qg5 28. Kh1 Bf4 29. Rg1 h5 30. Ne3 Qh4 31. Rg2 Be5 32. Nd5 Ra8 33. Qd1 Ra2 34. Qe1 Qc4 35. Ne7 Bxc3 36. Ng6+ Kh7 37. Nf8+ Kg8 38. Qe8 Ra1+ 39. Rg1 Rxg1+ 40. Kxg1 Qf7 41. Qxb5 Qxf8 42. Qc4+ Kh8 43. Qxc3 Qe7 44. Qe3 1-0

[Event "Titled Tuesday intern op 23rd Jan Late"]
[Site "Chess.com INT"]
[Date "2024.01.23"]
[Round "3"]
[White "Coca Cubillos, Jesus Alberto"]
[Black "Dylag, Emilia"]
[Result "1-0"]
[WhiteElo "1944"]
[BlackElo "2092"]
[PlyCount "91"]
[EventDate "2024.01.23"]
[EventType "swiss (blitz)"]
[EventRounds "11"]
[EventCountry "USA"]
[SourceTitle "CB05_2024"]
[SourceDate "2024.01.31"]
[SourceVersion "1"]
[SourceVersionDate "2024.01.31"]
[SourceQuality "1"]

1. f4 d5 2. Nf3 Nf6 3. e3 Bg4 4. d4 h5 5. Bd3 e6 6. Nbd2 c5 7. c3 Nc6 8. 0-0 h4 9. h3 Bh5 10. Qe1 Bxf3 11. Rxf3 Be7 12. Qe2 Qc7 13. a3 0-0-0 14. b4 c4 15. Bc2 Nh5 16. a4 Ng3 17. Qe1 g5 18. Nf1 gxf4 19. exf4 Nxf1 20. Qxf1 Bf6 21. Kh1 Rhg8 22. Be3 Rg7 23. Qe2 Rdg8 24. Rf2 Rg3 25. Raf1 Ne7 26. Qd2 Nf5 27. Bxf5 exf5 28. Re2 Qd6 29. Qe1 Bd8 30. Bg1 Qg6 31. Rff2 Bc7 32. Bh2 Rd3 33. Re8+ Rxe8 34. Qxe8+ Bd8 35. Re2 Rxc3 36. Re7 Rc1+ 37. Bg1 Qd6 38. Rxf7 c3 39. Qe3 Rc2 40. Qd3 Rc1 41. Qxf5+ Kb8 42. Rd7 Qf6 43. Qxd5 c2 44. Rxd8+ Kc7 45. Rd7+ Kc8 46. Qxb7# 1-0

[Event "Titled Tuesday intern op 12th Sep Late"]
[Site "Chess.com INT"]
[Date "2023.09.12"]
[Round "6"]
[White "Dylag, Emilia"]
[Black "Pinero Rodriguez, Carlos Jose"]
[Result "0-1"]
[WhiteElo "2169"]
[BlackElo "2204"]
[PlyCount "74"]
[EventDate "2023.09.12"]
[EventType "swiss (blitz)"]
[EventRounds "11"]
[EventCountry "USA"]
[SourceTitle "EXT 2024"]
[Source "ChessBase"]
[SourceDate "2023.10.10"]
[SourceVersion "1"]
[SourceVersionDate "2023.10.10"]
[SourceQuality "1"]

1. d4 Nf6 2. c4 g6 3. g3 Bg7 4. Bg2 0-0 5. Nc3 d6 6. Nf3 Nbd7 7. 0-0 e5 8. Qc2 exd4 9. Nxd4 Nb6 10. b3 c5 11. Ndb5 a6 12. Na3 d5 13. cxd5 Nfxd5 14. Bb2 Nb4 15. Qc1 Qe7 16. Nc4 Nxc4 17. bxc4 Be6 18. Nd5 Bxd5 19. cxd5 Qxe2 20. Bxg7 Kxg7 21. Qxc5 Nd3 22. Qd4+ f6 23. Rad1 Ne5 24. f4 Ng4 25. Rfe1 Qxa2 26. h3 Nh6 27. d6 Nf5 28. Qf2 Qxf2+ 29. Kxf2 Rad8 30. Re6 b5 31. g4 Nh6 32. Bc6 b4 33. d7 a5 34. Ra1 b3 35. Re2 Rb8 36. Rb2 Rb6 37. Ba4 Rb4 0-1

[Event "POL-chT 2nd League"]
[Site "Jastrzebia Gora"]
[Date "2023.09.10"]
[Round "9.16"]
[White "Dylag, Emilia"]
[Black "Steczek, Malgorzata"]
[Result "1-0"]
[WhiteElo "2169"]
[BlackElo "1748"]
[PlyCount "61"]
[EventDate "2023.09.02"]
[EventType "team-swiss"]
[EventRounds "9"]
[EventCountry "POL"]
[SourceTitle "EXT 2024"]
[Source "ChessBase"]
[SourceDate "2023.10.10"]
[SourceVersion "1"]
[SourceVersionDate "2023.10.10"]
[SourceQuality "1"]
[WhiteTeam "Krakow KKSz"]
[BlackTeam "Konin Hetman"]
[WhiteTeamCountry "POL"]
[BlackTeamCountry "POL"]

1. d4 Nf6 2. c4 e6 3. g3 d5 4. Bg2 c5 5. Nf3 Nc6 6. 0-0 Be7 7. Nc3 0-0 8. cxd5 exd5 9. Bg5 Be6 10. dxc5 Qa5 11. a3 Qxc5 12. Be3 Qc4 13. Rc1 Rfd8 14. Bd4 Rac8 15. e3 Qa6 16. Re1 Nxd4 17. Nxd4 Bc5 18. Bf1 Qd6 19. f3 a6 20. b4 Ba7 21. Qd2 Bd7 22. Kg2 Bb8 23. Nb3 h5 24. Nc5 Bc6 25. Ne2 h4 26. Qd4 hxg3 27. Nxg3 Qe5 28. Nd3 Qxd4 29. exd4 Re8 30. Nf5 Bb5 31. Rxc8 1-0

[Event "POL-chT 2nd League"]
[Site "Jastrzebia Gora"]
[Date "2023.09.07"]
[Round "6.4"]
[White "Szyszylo, Rafal"]
[Black "Dylag, Emilia"]
[Result "1/2-1/2"]
[WhiteElo "2074"]
[BlackElo "2169"]
[PlyCount "120"]
[EventDate "2023.09.02"]
[EventType "team-swiss"]
[EventRounds "9"]
[EventCountry "POL"]
[SourceTitle "EXT 2024"]
[Source "ChessBase"]
[SourceDate "2023.10.10"]
[SourceVersion "1"]
[SourceVersionDate "2023.10.10"]
[SourceQuality "1"]
[WhiteTeam "Ostrow Wielkopolski"]
[BlackTeam "Krakow KKSz"]
[WhiteTeamCountry "POL"]
[BlackTeamCountry "POL"]

1. e4 e5 2. Bc4 Nf6 3. Nc3 Nc6 4. d3 Na5 5. Qf3 Bc5 6. Nge2 Nxc4 7. dxc4 d6 8. 0-0 Be6 9. b3 h6 10. Ng3 a5 11. Bd2 Bd4 12. Rab1 c6 13. h3 0-0 14. Rbd1 Nh7 15. Nce2 Bc5 16. Nf5 Bxf5 17. Qxf5 Qf6 18. Ng3 Qh4 19. Kh2 g6 20. Qf3 Ng5 21. Qe2 Ne6 22. Be3 Nd4 23. Qd3 Rad8 24. f4 Ne6 25. f5 Bxe3 26. Qxe3 Qg5 27. Qxg5 Nxg5 28. h4 Nh7 29. Rd3 Nf6 30. Rfd1 gxf5 31. Nxf5 Nxe4 32. Re1 Nf6 33. Nxh6+ Kh7 34. Nf5 d5 35. cxd5 cxd5 36. Kh3 e4 37. Rd4 Rc8 38. c4 dxc4 39. bxc4 Rfd8 40. Rd6 Rxd6 41. Nxd6 Rd8 42. Nxe4 Rd3+ 43. g3 Nxe4 44. Rxe4 Kg6 45. Re7 b6 46. Rc7 f6 47. Rc6 Rc3 48. Kg4 a4 49. h5+ Kg7 50. Kf4 a3 51. g4 Rc2 52. h6+ Kxh6 53. g5+ Kg6 54. Rxf6+ Kg7 55. Rxb6 Rxc4+ 56. Kf5 Rc5+ 57. Kg4 Rc2 58. Rb7+ Kg6 59. Rb6+ Kg7 60. Rb7+ Kg6 1/2-1/2

[Event "POL-chT 2nd League"]
[Site "Jastrzebia Gora"]
[Date "2023.09.03"]
[Round "2.16"]
[White "Gorkiewicz, Mateusz"]
[Black "Dylag, Emilia"]
[Result "1-0"]
[WhiteElo "2133"]
[BlackElo "2169"]
[PlyCount "36"]
[EventDate "2023.09.02"]
[EventType "team-swiss"]
[EventRounds "9"]
[EventCountry "POL"]
[SourceTitle "EXT 2024"]
[Source "ChessBase"]
[SourceDate "2023.10.10"]
[SourceVersion "1"]
[SourceVersionDate "2023.10.10"]
[SourceQuality "1"]
[WhiteTeam "Torun UKS OPP"]
[BlackTeam "Krakow KKSz"]
[WhiteTeamCountry "POL"]
[BlackTeamCountry "POL"]

1. e4 e5 2. Nc3 Nf6 3. f4 d5 4. fxe5 Nxe4 5. Qf3 Nxc3 6. dxc3 Qh4+ 7. g3 Qe4+ 8. Qxe4 dxe4 9. Bg2 Bf5 10. Ne2 Nc6 11. Nd4 Nxd4 12. cxd4 0-0-0 13. c3 c5 14. Be3 cxd4 15. Bxd4 b6 16. Rf1 Bg6 17. Rf4 Bc5 18. Bxe4 f6 1-0

[Event "Titled Tuesday intern op 04th Jul Late"]
[Site "Chess.com INT"]
[Date "2023.07.04"]
[Round "4"]
[White "Dylag, Emilia"]
[Black "Vovk, Orest"]
[Result "0-1"]
[WhiteElo "2109"]
[BlackElo "2315"]
[PlyCount "46"]
[EventDate "2023.07.04"]
[EventType "swiss (blitz)"]
[EventRounds "11"]
[EventCountry "USA"]
[SourceTitle "EXT 2024"]
[Source "ChessBase"]
[SourceDate "2023.10.10"]
[SourceVersion "1"]
[SourceVersionDate "2023.10.10"]
[SourceQuality "1"]

1. d4 h6 2. c4 g5 3. Nc3 Bg7 4. h4 c5 5. d5 Bxc3+ 6. bxc3 Qa5 7. Qd3 g4 8. h5 d6 9. e4 Nf6 10. Bd2 Nbd7 11. f4 gxf3 12. Nxf3 Ng4 13. Be2 Nde5 14. Nxe5 Nxe5 15. Qg3 Bd7 16. 0-0 0-0-0 17. Bf4 Rdg8 18. Qe3 f6 19. a4 Bg4 20. Bxe5 Bxe2 21. Qxe2 fxe5 22. Rf7 Qxc3 23. Rxe7 Qxa1+ 0-1

[Event "Titled Tuesday intern op 04th Jul Late"]
[Site "Chess.com INT"]
[Date "2023.07.04"]
[Round "6"]
[White "Nunez V, Gustavo Eduardo"]
[Black "Dylag, Emilia"]
[Result "1-0"]
[WhiteElo "2226"]
[BlackElo "2109"]
[PlyCount "71"]
[EventDate "2023.07.04"]
[EventType "swiss (blitz)"]
[EventRounds "11"]
[EventCountry "USA"]
[SourceTitle "EXT 2024"]
[Source "ChessBase"]
[SourceDate "2023.10.10"]
[SourceVersion "1"]
[SourceVersionDate "2023.10.10"]
[SourceQuality "1"]

1. e4 e5 2. Nc3 Nf6 3. g3 d5 4. Bg2 d4 5. Nce2 c5 6. d3 Nc6 7. f4 Be7 8. h3 h5 9. Nf3 exf4 10. Bxf4 Be6 11. 0-0 Qd7 12. Ng5 0-0-0 13. Nxe6 Qxe6 14. a3 Nd7 15. c3 g5 16. Bd2 dxc3 17. Bxc3 Nde5 18. Qa4 Nxd3 19. Bxh8 Rxh8 20. Qc2 Nde5 21. Rf5 g4 22. h4 c4 23. Rd1 Bc5+ 24. Kh2 f6 25. Rd5 Bb6 26. Nf4 Qe7 27. b3 Nd4 28. Rxd4 Bxd4 29. Rxe5 fxe5 30. Ng6 Qf6 31. Qxc4+ Kb8 32. Nxh8 Qxh8 33. Qf7 Qc8 34. Qxh5 Qc1 35. Qxg4 Qg1+ 36. Kh3 1-0

[Event "Malopolska-ch"]
[Site "Krakow"]
[Date "2023.06.09"]
[Round "4"]
[White "Ten Have, Roland"]
[Black "Dylag, Emilia"]
[Result "1/2-1/2"]
[WhiteElo "1937"]
[BlackElo "2095"]
[PlyCount "114"]
[EventDate "2023.06.08"]
[EventType "swiss"]
[EventRounds "7"]
[EventCountry "POL"]
[SourceTitle "CBM 214 Extra"]
[Source "ChessBase"]
[SourceDate "2023.07.31"]
[SourceVersion "1"]
[SourceVersionDate "2023.07.31"]
[SourceQuality "1"]

1. e4 e5 2. f4 exf4 3. Bc4 Qh4+ 4. Kf1 Be7 5. Nc3 Nf6 6. Nf3 Qh5 7. d4 Nxe4 8. Nxe4 d5 9. Bb5+ c6 10. Nc3 cxb5 11. Nxb5 Na6 12. Bxf4 0-0 13. Kf2 Bf5 14. Rf1 Nb4 15. Kg1 Bxc2 16. Qe2 Bf6 17. Qd2 a5 18. Nc7 Bd3 19. Rfc1 Be4 20. Nxa8 Rxa8 21. Ne5 Bxe5 22. Bxe5 Nc6 23. Bg3 g5 24. a3 a4 25. Rc3 Qg6 26. Rac1 Re8 27. Rc5 h5 28. Rf1 h4 29. Be5 Re6 30. Qf2 f5 31. Rb5 Qf7 32. Qd2 f4 33. Qd1 Nxe5 34. dxe5 Rc6 35. Qxa4 Rc2 36. Rf2 Rc1+ 37. Rf1 Rxf1+ 38. Kxf1 Bd3+ 39. Kf2 Bxb5 40. Qxb5 g4 41. Qb6 g3+ 42. hxg3 fxg3+ 43. Ke1 Kh7 44. Qd4 Kg8 45. Qg4+ Qg7 46. Qh5 Kf8 47. Kd1 Qf7 48. Qh8+ Qg8 49. Qxh4 Ke8 50. Kd2 Qg6 51. Qf6 Qe4 52. Qh8+ Kf7 53. Qf6+ Ke8 54. Qh8+ Kf7 55. Qh5+ Kf8 56. Qh8+ Kf7 57. Qf6+ Ke8 1/2-1/2

[Event "Titled Tuesday intern op 11th Apr Early"]
[Site "Chess.com INT"]
[Date "2023.04.11"]
[Round "5"]
[White "Dylag, Emilia"]
[Black "Gurevich, Dmitry"]
[Result "0-1"]
[WhiteElo "2095"]
[BlackElo "2393"]
[PlyCount "146"]
[EventDate "2023.04.11"]
[EventType "swiss (blitz)"]
[EventRounds "11"]
[EventCountry "USA"]
[SourceTitle "CBM 213 Extra"]
[Source "ChessBase"]
[SourceDate "2023.05.31"]
[SourceVersion "1"]
[SourceVersionDate "2023.05.31"]
[SourceQuality "1"]

1. d4 Nf6 2. c4 a6 3. g3 c5 4. d5 b5 5. Qc2 d6 6. Bg2 g6 7. Nf3 Bf5 8. Qd1 Bg7 9. 0-0 0-0 10. Nbd2 Ne4 11. Nh4 Nxd2 12. Bxd2 Bd7 13. Bc3 bxc4 14. Bxg7 Kxg7 15. Qc2 Qb6 16. Rab1 a5 17. Qxc4 Qb4 18. Qc3+ f6 19. Nf3 Na6 20. Qe3 Rfe8 21. h4 Bf5 22. h5 Bxb1 23. Rxb1 Rab8 24. Qe6 Nc7 25. h6+ Kf8 26. Qd7 Qb7 27. Nh2 Qc8 28. Qc6 Nb5 29. Qxc8 Rexc8 30. Bh3 Rc7 31. b3 Nc3 32. Rb2 c4 33. Nf3 cxb3 34. axb3 a4 35. Nd4 Rcb7 36. Nc6 Rxb3 37. Rc2 Ra8 38. Nd4 Rb1+ 39. Kg2 Nxd5 40. Ne6+ Kg8 41. e4 a3 42. Ra2 Rb2 43. Ra1 a2 44. Nd4 Rb1 45. Nb3 Rxb3 46. Be6+ Kf8 47. Bxd5 Rb1 48. Rxa2 Rxa2 49. Bxa2 Re1 50. Bd5 e6 51. Bxe6 Rxe4 52. Bb3 Re5 53. Bc2 Rh5 54. g4 Rxh6 55. Be4 Ke7 56. Kg3 Ke6 57. f4 f5 58. Bf3 fxg4 59. Be4 Rh3+ 60. Kxg4 Re3 61. Bf3 Rxf3 62. Kxf3 Kf5 63. Ke3 h6 64. Kf3 h5 65. Ke3 h4 66. Kf3 h3 67. Kg3 h2 68. Kh3 h1Q+ 69. Kg3 Qg1+ 70. Kh3 Qg4+ 71. Kh2 Kxf4 72. Kh1 Kf3 73. Kh2 Qg2# 0-1

[Event "Titled Tuesday intern op 11th Apr Early"]
[Site "Chess.com INT"]
[Date "2023.04.11"]
[Round "4"]
[White "Dylag, Emilia"]
[Black "Kurmangaliyeva, Liya"]
[Result "1-0"]
[WhiteElo "2095"]
[BlackElo "2288"]
[PlyCount "33"]
[EventDate "2023.04.11"]
[EventType "swiss (blitz)"]
[EventRounds "11"]
[EventCountry "USA"]
[SourceTitle "CBM 213 Extra"]
[Source "ChessBase"]
[SourceDate "2023.05.31"]
[SourceVersion "1"]
[SourceVersionDate "2023.05.31"]
[SourceQuality "1"]

1. d4 Nf6 2. c4 g6 3. Nc3 d5 4. cxd5 Nxd5 5. e4 Nxc3 6. bxc3 Bg7 7. Bc4 c5 8. Ne2 0-0 9. 0-0 b6 10. Bd5 e6 11. Bxa8 Ba6 12. e5 cxd4 13. cxd4 Bxe2 14. Qxe2 Qxd4 15. Bb2 Qb4 16. a4 Na6 17. Ba3 1-0

[Event "Titled Tuesday intern op 11th Apr Early"]
[Site "Chess.com INT"]
[Date "2023.04.11"]
[Round "8"]
[White "Rodriguez Santiago, Jaime"]
[Black "Dylag, Emilia"]
[Result "0-1"]
[WhiteElo "2026"]
[BlackElo "2095"]
[PlyCount "102"]
[EventDate "2023.04.11"]
[EventType "swiss (blitz)"]
[EventRounds "11"]
[EventCountry "USA"]
[SourceTitle "CBM 213 Extra"]
[Source "ChessBase"]
[SourceDate "2023.05.31"]
[SourceVersion "1"]
[SourceVersionDate "2023.05.31"]
[SourceQuality "1"]

1. c4 e6 2. Nf3 Nf6 3. g3 d5 4. Bg2 c5 5. 0-0 Nc6 6. b3 Be7 7. e3 0-0 8. Bb2 dxc4 9. bxc4 Qc7 10. Qe2 b6 11. d3 Bb7 12. Nc3 a6 13. a4 Rad8 14. Rad1 Nb4 15. Ne1 Bxg2 16. Kxg2 e5 17. f4 exf4 18. gxf4 Ne8 19. Rg1 f5 20. Kh1 Nf6 21. h3 Qc6+ 22. Rg2 g6 23. Nf3 Bd6 24. Rdg1 Rfe8 25. Qd2 Bf8 26. Ne5 Qd6 27. Nxg6 hxg6 28. Rxg6+ Kf7 29. Nb5 axb5 30. Rxf6+ Qxf6 31. Bxf6 Kxf6 32. Qc3+ Kf7 33. cxb5 Nxd3 34. Qc4+ Kf6 35. a5 bxa5 36. b6 Rxe3 37. Qc3+ Rd4 38. Kh2 Bd6 39. Rf1 Re2+ 40. Kg1 Nxf4 41. b7 Kf7 42. Qb3+ c4 43. Qf3 Rdd2 44. Qxe2 Nxe2+ 45. Kf2 Ng3+ 46. Ke3 Nxf1+ 47. Kf3 c3 48. b8Q Bxb8 49. h4 c2 50. h5 c1Q 51. h6 Qc3# 0-1

[Event "Titled Tuesday intern op 21st Mar Late"]
[Site "Chess.com INT"]
[Date "2023.03.21"]
[Round "3"]
[White "Szyszylo, Rafal"]
[Black "Dylag, Emilia"]
[Result "1-0"]
[WhiteElo "2081"]
[BlackElo "2052"]
[PlyCount "101"]
[EventDate "2023.03.21"]
[EventType "swiss (blitz)"]
[EventRounds "11"]
[EventCountry "USA"]
[SourceTitle "EXT 2024"]
[Source "ChessBase"]
[SourceDate "2023.10.10"]
[SourceVersion "1"]
[SourceVersionDate "2023.10.10"]
[SourceQuality "1"]

1. e4 e6 2. d4 d5 3. e5 c5 4. c3 Nc6 5. Nf3 Qb6 6. Be2 cxd4 7. cxd4 Bb4+ 8. Nc3 Nge7 9. 0-0 Nf5 10. Na4 Qd8 11. a3 Be7 12. b4 0-0 13. Bb2 f6 14. b5 Na5 15. Rc1 fxe5 16. Nxe5 Bd7 17. Bd3 Bd6 18. Nc5 Bxe5 19. dxe5 b6 20. Nb3 Nxb3 21. Qxb3 Qe8 22. a4 Qh5 23. Rc7 Be8 24. Ba3 Nh4 25. Bxf8 Kxf8 26. Qb4+ Kg8 27. Be2 Qg5 28. Qg4 Qxg4 29. Bxg4 Bf7 30. g3 Ng6 31. f4 Rd8 32. Rfc1 d4 33. Rc8 Rf8 34. Rxf8+ Nxf8 35. Rd1 Bg6 36. Rxd4 Kf7 37. Rc4 Bd3 38. Rc7+ Kg6 39. Rxa7 h5 40. Bh3 Bc2 41. a5 bxa5 42. b6 a4 43. b7 a3 44. b8Q a2 45. Qe8+ Kh7 46. Rxa2 Bg6 47. Qxf8 Bf7 48. Ra7 Kh6 49. Qxf7 h4 50. Qxg7+ Kh5 51. g4# 1-0

[Event "Titled Tuesday intern op 7th Mar Late"]
[Site "Chess.com INT"]
[Date "2023.03.07"]
[Round "6"]
[White "Dylag, Emilia"]
[Black "Blomqvist, Erik"]
[Result "0-1"]
[WhiteElo "2052"]
[BlackElo "2508"]
[PlyCount "68"]
[EventDate "2023.03.07"]
[EventType "swiss (blitz)"]
[EventRounds "11"]
[EventCountry "USA"]
[SourceTitle "EXT 2024"]
[Source "ChessBase"]
[SourceDate "2023.10.10"]
[SourceVersion "1"]
[SourceVersionDate "2023.10.10"]
[SourceQuality "1"]

1. d4 d5 2. c4 dxc4 3. e4 b5 4. a4 c6 5. axb5 cxb5 6. Nc3 Qb6 7. Be3 e6 8. Nf3 Nf6 9. Be2 a6 10. 0-0 Bb7 11. d5 Bc5 12. Bxc5 Qxc5 13. dxe6 fxe6 14. e5 Ne4 15. Nxe4 Bxe4 16. Ng5 Bd5 17. Bg4 Qe7 18. h4 0-0 19. Qc2 g6 20. Ne4 Qxh4 21. f3 Nc6 22. Nf6+ Kg7 23. Nxd5 exd5 24. e6 Qf6 25. Rad1 Nd4 26. Qd2 Nxe6 27. Qxd5 Nf4 28. Qb7+ Kh6 29. Rd7 Rad8 30. Rxh7+ Kg5 31. g3 Ne2+ 32. Kg2 Rd2 33. f4+ Nxf4+ 34. Kh1 Nh5 0-1

[Event "Titled Tuesday intern op 7th Mar Late"]
[Site "Chess.com INT"]
[Date "2023.03.07"]
[Round "7"]
[White "Ezat, Mohamed Mahmoud"]
[Black "Dylag, Emilia"]
[Result "1-0"]
[WhiteElo "2397"]
[BlackElo "2052"]
[PlyCount "45"]
[EventDate "2023.03.07"]
[EventType "swiss (blitz)"]
[EventRounds "11"]
[EventCountry "USA"]
[SourceTitle "EXT 2024"]
[Source "ChessBase"]
[SourceDate "2023.10.10"]
[SourceVersion "1"]
[SourceVersionDate "2023.10.10"]
[SourceQuality "1"]

1. d4 Nf6 2. c4 e6 3. Nc3 Bb4 4. e3 0-0 5. a3 Bxc3+ 6. bxc3 d5 7. cxd5 exd5 8. Bd3 c5 9. f3 b6 10. Ne2 Ba6 11. Bxa6 Nxa6 12. 0-0 Re8 13. Ng3 Rc8 14. Ra2 Qd7 15. Raf2 cxd4 16. cxd4 Rc4 17. Qd3 Nb8 18. e4 Nc6 19. Bb2 Rxd4 20. Bxd4 dxe4 21. Nxe4 Nxd4 22. Nxf6+ gxf6 23. Qd1 1-0